High court judge rejects poorly drafted regulations (Record no. 75065)

MARC details
000 -LEADER
fixed length control field 02229cab a2200253 4500
001 - CONTROL NUMBER
control field L129321
008 - FIXED-LENGTH DATA ELEMENTS--GENERAL INFORMATION
fixed length control field 050412n2005 000 0 eng u
035 ## - SYSTEM CONTROL NUMBER
System control number (Sirsi) u129321
041 ## - LANGUAGE CODE
Language code of text/sound track or separate title eng
100 ## - MAIN ENTRY--PERSONAL NAME
Personal name Bolton King, Peter
245 ## - TITLE STATEMENT
Title High court judge rejects poorly drafted regulations
260 ## - PUBLICATION, DISTRIBUTION, ETC.
Date of publication, distribution, etc. 2005
490 ## - SERIES STATEMENT
Series statement Estate Agent
Volume/sequential designation April 2005, 9(1)
520 ## - SUMMARY, ETC.
Summary, etc. Reports on the judicial review held in the HC in respect of the compatibility of the European Convention of Human Rights with (1) the Housing (Northern Ireland) Order 1992 Art 75 G (as effected by Art 144) and the Housing (Northern Ireland) Order 2003 Sched 3 and (2) the statutory registration scheme for houses in multiple occupation (HMOs) made under the Housing (Northern Ireland) Order 2003. The judgment - significant if similar legislation is proposed in the rest of the UK - sets out government obligations when setting regulations, particularly when they are supported by criminal sanctions. Furthermore regulations need to be sufficiently clear that any reasonable landlord can fully understand the consequences of any breach of the regulations that he is responsible for. Landlords are also released from any third party duties to control tenants' anti-social behaviour and any special provisions placed on landlords in respect of HMOs must be proportionate and fair. The review makes clear that Art 1 Protocol 1 of the Convention applies equally in the rest of the UK.
590 ## - LOCAL NOTE (RLIN)
Local note IKA290405
650 ## - SUBJECT ADDED ENTRY--TOPICAL TERM
Topical term or geographic name entry element EUROPEAN CONVENTION ON HUMAN RIGHTS BILL
650 ## - SUBJECT ADDED ENTRY--TOPICAL TERM
Topical term or geographic name entry element HOUSING (NORTHERN IRELAND) ORDER 1992
650 ## - SUBJECT ADDED ENTRY--TOPICAL TERM
Topical term or geographic name entry element HOUSING (NORTHERN IRELAND) ORDER 2003
690 ## - LOCAL SUBJECT ADDED ENTRY--TOPICAL TERM (OCLC, RLIN)
Topical term or geographic name as entry element Landlord and tenant
9 (RLIN) 6252
856 ## - ELECTRONIC LOCATION AND ACCESS
Uniform Resource Identifier <a href="https://www.courtsni.gov.uk/NR/rdonlyres/46DBD3E4-2505-4C1F-B84E-09F72E1F8F51/0/j_j_GIRC5216.htm">https://www.courtsni.gov.uk/NR/rdonlyres/46DBD3E4-2505-4C1F-B84E-09F72E1F8F51/0/j_j_GIRC5216.htm</a>
Public note View the judgment free of charge at www.courtsni.gov.uk...
856 ## - ELECTRONIC LOCATION AND ACCESS
Uniform Resource Identifier <a href="https://www.northernireland-legislation.hmso.gov.uk/si/si1992/Uksi_19921725_en_1.htm">https://www.northernireland-legislation.hmso.gov.uk/si/si1992/Uksi_19921725_en_1.htm</a>
Public note View the 1992 Order free of charge at www.northernireland-legislation.gov.uk...
856 ## - ELECTRONIC LOCATION AND ACCESS
Uniform Resource Identifier <a href="https://www.northernireland-legislation.hmso.gov.uk/si/si2003/20030412.htm ">https://www.northernireland-legislation.hmso.gov.uk/si/si2003/20030412.htm </a>
Public note View the 2003 Order free of charge at www.northernireland-legislation.gov.uk...
942 ## - ADDED ENTRY ELEMENTS (KOHA)
Suppress in OPAC 0
Holdings
Withdrawn status Lost status Source of classification or shelving scheme Damaged status Not for loan Home library Current library Shelving location Date acquired Total Checkouts Full call number Barcode Date last seen Copy number Price effective from Koha item type
    Dewey Decimal Classification     London London Journal article 12/04/2005   L129321 129321-1001 06/08/2019 1 06/08/2019 Journal article